Making competitive cities (Record no. 111101)
[ view plain ]
| 000 -LEADER | |
|---|---|
| fixed length control field | 01831cad a22002535a 4500 |
| 001 - CONTROL NUMBER | |
| control field | L151022 |
| 008 - FIXED-LENGTH DATA ELEMENTS--GENERAL INFORMATION | |
| fixed length control field | 100923s2010 xxk f 000 0 eng d |
| 020 ## - INTERNATIONAL STANDARD BOOK NUMBER | |
| International Standard Book Number | 9781444323788 |
| 035 ## - SYSTEM CONTROL NUMBER | |
| System control number | (Sirsi) u151022 |
| 041 0# - LANGUAGE CODE | |
| Language code of text/sound track or separate title | eng |
| 050 04 - LIBRARY OF CONGRESS CALL NUMBER | |
| Classification number | 307.116 $2 18 |
| 245 00 - TITLE STATEMENT | |
| Title | Making competitive cities |
| Medium | [electronic resource] |
| 260 ## - PUBLICATION, DISTRIBUTION, ETC. | |
| Name of publisher, distributor, etc. | Wiley-Blackwell |
| Date of publication, distribution, etc. | 2010 |
| 300 ## - PHYSICAL DESCRIPTION | |
| Extent | eBook |
| 505 2# - FORMATTED CONTENTS NOTE | |
| Formatted contents note | Making Competitive Cities: Debates and Challenges -- The Idea of the Creative or Knowledge-Based City -- Pathways in Europe -- Stable Trajectories Towards the Creative Knowledge City? -- Reinventing the City: Barcelona, Birmingham and Dublin -- Institutional Change and New Development Paths: Budapest, Leipzig, Poznan, Riga and Sofia -- Changing Specialisations and Single Sector Dominance -- What Works for Managers and Highly Educated Workers in Creative Knowledge Industries -- Managers and Entrepreneurs in Creative and Knowledge-Intensive Industries: What Determines Their Location? Toulouse, Helsinki, Budapest, Riga and Sofia -- Attracting Young and High-Skilled Workers: Amsterdam, Milan and Barcelona -- Working on the Edge? Creative Jobs in Birmingham, Leipzig and Poznan -- What Policies Should Cities Adopt? -- Strategic Economic Policy: Milan, Dublin and Toulouse -- Beyond Cluster Policy? Birmingham, Poznan and Helsinki -- Policies for Firms or Policies for Individuals? Amsterdam -- New Governance, New Geographic Scales, New Institutional Settings -- Synthesis: Re-making the Competitive City |
| 590 ## - LOCAL NOTE (RLIN) | |
| Local note | ka ntk |
| 650 24 - SUBJECT ADDED ENTRY--TOPICAL TERM | |
| Topical term or geographic name entry element | EBOOK |
| 651 #4 - SUBJECT ADDED ENTRY--GEOGRAPHIC NAME | |
| Geographic name | INTERNATIONAL |
| 690 ## - LOCAL SUBJECT ADDED ENTRY--TOPICAL TERM (OCLC, RLIN) | |
| Topical term or geographic name as entry element | ENVIRONMENTAL AND LAND CONSULTANCY-PLANNING AND DEVELOPMENT |
| 700 1# - ADDED ENTRY--PERSONAL NAME | |
| Personal name | Musterd, Sako |
| 700 1# - ADDED ENTRY--PERSONAL NAME | |
| Personal name | Murie, Alan |
| 856 48 - ELECTRONIC LOCATION AND ACCESS | |
| Uniform Resource Identifier | <a href="https://www.vlebooks.com/">https://www.vlebooks.com/</a> |
| Public note | View on VLEbooks. Logins for members only from [email protected] |
| 942 ## - ADDED ENTRY ELEMENTS (KOHA) | |
| Suppress in OPAC | 0 |
| Withdrawn status | Lost status | Source of classification or shelving scheme | Damaged status | Not for loan | Home library | Current library | Shelving location | Date acquired | Total Checkouts | Full call number | Barcode | Date last seen | Copy number | Price effective from | Koha item type |
|---|---|---|---|---|---|---|---|---|---|---|---|---|---|---|---|
| Dewey Decimal Classification | Virtual | Virtual | Online | 23/09/2010 | EBOOK | 151022-1001 | 06/08/2019 | 1 | 06/08/2019 | Book |